000 00664cam a2200169 4500
001 WB3533-34
008 000000n1999 000 0 eng u
035 _a(Sirsi) u102616
245 _aRICS rating campaign
260 _c1999
490 _aProperty Week
_v64(32) 20 August 1999, 5(1)
520 _aRICS is backing a publicity campaign to protect smaller occupiers from cowboy rating firms. 150,000 warning letters are being distributed to trade associations and business groups in a joint initiative with the DETR, the Valuation Office, the ISVA and the IRRV.
650 _aRICS
650 _aRATING COWBOYS
690 _aRATING AND VALUATION
942 _n0
999 _c61613
_d61613